| 000 | 005170000a22001690004500 | ||
|---|---|---|---|
| 003 | MACL | ||
| 005 | 20150804145848.0 | ||
| 008 | 150804b xxu||||| |||| 00| 0 eng d | ||
| 040 |
_aMACL _cMACL |
||
| 041 | _aEnglish | ||
| 082 | _a370 | ||
| 100 |
_aSinghal, R.P. _94623 |
||
| 245 |
_aRevitalising School Complexes In India _bWith Special Reference To The Innovative Rapport Based Experience Of Maharashtra |
||
| 260 |
_bConcept Publishing Company _c1983 _aNew Delhi |
||
| 650 |
_aEducation _94624 |
||
| 942 |
_cBK _k370 _2ddc |
||
| 999 |
_c6103 _d6103 |
||